• 首页
  • 本馆介绍
  • 公告通知
  • 最新文献
  • 馆藏检索
  • 电子资源
  • 读者导购
  • 参考咨询
  • 我的图书馆
  • 登录
  • 详细信息显示
  • 放入我的书架
  • 预约/预借图书
  • 作者相关作品
  • 分类相关作品
  • 丛书相关作品
  • 出版社相关作品

书目信息

  • 表格格式
  • 工作单格式
  • 卡片格式
题名:
产业并购操盘手
    
 
作者: 张军杰 著
分册:  
出版信息: 天津   天津人民出版社  2020.10
页数: 227页
开本: 24cm
丛书名:
单 册:
中图分类: F271.4
科图分类:
主题词: 企业兼并--qi ye jian bing--案例
电子资源:
ISBN: 978-7-201-16357-4
000 01312nam0 2200289 450
001 CAL 010507624
005 20230217093112.0
010    @a978-7-201-16357-4@dCNY86.00
100    @a20220401d2020 em y0chiy0120 ea
101 0  @achi
102    @aCN@b120000
105    @aak z 000yy
106    @ar
200 1  @a产业并购操盘手@Achan ye bing gou cao pan shou@e15个案例11个范本, 拿来就用@f张军杰著
210    @a天津@c天津人民出版社@d2020.10
215    @a227页@c图@d24cm
300    @a识干家
312    @a英文题名取自封面
314    @a张军杰, 高级经济师, 银势科投创始人, 并购咨询顾问, 小企业创业导师。政府“战略性新兴产业顶层设计专家组”成员, 上海交通大学“国有企业中高层领导干部改革创新发展专题班”成员。
330    @a本书以产业并购操盘者的切身视角, 基于资本大时代下产业并购核心理念, 着眼于产业与资本领域新动态, 以近期发生的真实操作案例为依托, 以实用范本、图表、模型、数据为支撑, 把产业并购的八个步骤全流程操作细节紧密地串联在一起, 形成了产业并购的有效闭环。
510 1  @aManaging director for industry mergers and acquisitions@zeng
517 1  @a15个案例11个范本, 拿来就用@A15 ge an li 11 ge fan ben , na lai jiu yong
606 0  @a企业兼并@Aqi ye jian bing@x案例
690    @aF271.4@v5
701  0 @a张军杰@Azhang jun jie@4著
801  0 @aCN@bBJXHZP@c20230228
905    @b1380220-3@dF271.4@e1929@f4
    
    产业并购操盘手:15个案例11个范本, 拿来就用/张军杰著.-天津:天津人民出版社,2020.10
    227页:图;24cm
    识干家
    
    ISBN 978-7-201-16357-4:CNY86.00
    本书以产业并购操盘者的切身视角, 基于资本大时代下产业并购核心理念, 着眼于产业与资本领域新动态, 以近期发生的真实操作案例为依托, 以实用范本、图表、模型、数据为支撑, 把产业并购的八个步骤全流程操作细节紧密地串联在一起, 形成了产业并购的有效闭环。
●
相关链接 在E读中查询图书 在五车中查询图书 在当当中查询图书 在豆瓣中查询图书


正题名:产业并购操盘手     索取号:F271.4/1929         预约/预借

序号 登录号 条形码 馆藏地/架位号 状态 备注
1 1380220   213802205   第一样本阅览室/ [索取号:F271.4/1929] 在馆    
2 1380221   213802214   第一借阅区/ [索取号:F271.4/1929] 在馆    
3 1380222   213802223   第一借阅区/ [索取号:F271.4/1929] 在馆    
4 1380223   213802232   第一借阅区/ [索取号:F271.4/1929] 在馆    
唐山师范学院图书馆 欢迎您!
大连网信软件有限公司© 版权所有